00643nam a22002057a 4500003000700000005001700007008004100024020001800065040003700083050001400120100002100134245005400155260004700209300003400256336002800290337003200318338002700350650001900377650004100396CBULib20230817062137.0230718b |||||||| |||| 00| 0 eng d a9780199688845 aLCcCBULibdCBULibbEnglisherda aBC 34 Par1 aParsons, Terence aArticulating medieval logicc/ by Terence Parsons aOxford :bOxford University Press,c[2014] axi, 331 pages : illustrations 2rdacontentaText |btxt 2rdacontentaUnmediated |bn 2rdacontentaVolumebnc 0aLOGIC MEDIEVAL 0aLOGIC, MEDIEVAL-- STUDY AND TEACHING